00638 2200217 4500001002100000005001700021008004100038020002200079035002400101040001200125090002000137100002200157245009600179250001000275260003400285300003100319504001600350650002000366850001200386990002200398YOGYA-0212000000050120120221185121.0 ind  8978-979-26-1871-6 0010-021200000000501 aYOPDYOG aDEP 650.1 Eni S aEni Setiati, 1968 aSukses bisnis bersama pasangan anda : (couplepreneurship) /cEni Setiati; penyunting, Oryza aCet.1 aYogyakartabCitra mediac2011 aVIII, 120 hlmbilusc21 cm ahlm 121-123 aSukses (bisnis) aYOPDYOG aCB-D.11-2011-1856